00378nam a2200121Ia 4500008004100000040001700041041001200058082001800070100002100088245009700109260003900206300001100245230917s9999||||xx |||||||||||||| ||und|| e100786aMAIN aEnglish a320.954 M697D aMitra, Subrata K 0aDemocracy and social change in India: a cross- sectional analysis of the national electorate aNew DelhibSage Publicationsc1999 a341 p.